İkinci meşrutiyetin ilanı ve otuzbir mart hadisesi (Record no. 3073)

MARC details
000 -BAŞLIK
Sabit Uzunlukta Kontrol Alanı 01136na a2200313 4500
001 - KONTROL NUMARASI
Denetim Alanı 15154
003 - KONTROL NUMARASI IDENTIFIER
Denetim Alanı MIRAKIL
005 - SON İŞLEM TARİHİ VE ZAMANI
Denetim Alanı 20181213154919.0
008 - SABİT-BOY VERİ ELEMANLARI - GENEL BİLGİLER
Sabit Uzunlukta Kontrol Alanı 160905b tu 000 0
020 ## - ULUSLARARASI STANDART KİTAP NUMARASI
Uluslararası Standart Kitap Numarası 9751603544
035 ## - SİSTEM KONTROL NUMARASI
Sistem Kontrol Numarası 15154
040 ## - KATALOGLAMA KAYNAK
Orijinal Kataloglama Ajansı Milas
Kataloglama Dili tur
Metne Dönüştürmek Ajansı TR-AnCHP
082 ## - DEWEY ONLU SINIFLANDIRMA NUMARASI
Sınıflandırma Numarası 956.101543
Ürün Numarası B39i 1991
090 ## - SINIFLAMA NUMARASI
Sınıflama Numarası 956.101543 B39i 1991
100 ## - ANA GİRİŞ - KİŞİSEL İSİM
Kişisel Ad Ali Cevat Bey
245 ## - BAŞLIK TABLOSU
Başlık İkinci meşrutiyetin ilanı ve otuzbir mart hadisesi
Başlığın Kalan II.Abdülhamid'in son mabeyn başkatibi Ali Cevat Beyin fezlekesi
Sorumluluk Tablosu, Vb Ali Cevat; yayına hazırlayan Faik Reşit Unat
246 ## - UNVAN FORM VARYING
Başlık Doğru / Kısa Başlığı II.Abdülhamid'in son mabeyn başkatibi Ali Cevat Beyin fezlekesi
250 ## - EDITION TABLOSU
Baskı Beyanı 3.bs.
260 ## - YAYIN, DAĞITIM, VB
Yayın, Dağıtım, Vb Yeri Ankara
Yayıncı, Dağıtıcı, Vs Adı Türk Tarih Kurumu Yayınları
Yayın, Dağıtım, Vb Tarihi 1991
300 ## - FİZİKSEL TANIM
Kapsam 207 s.
Diğer Fiziksel Ayrıntıları tbl.,res.
Boyutlar 23 sm.
490 ## - SERİSİ TABLOSU
Seri Beyanı AKDTYK Türk Tarih Kurumu Yayınları
Hacim / Ardışık Tanımı II.dizi - Sa. 19
504 ## - KAYNAKÇA VB NOT
Kaynakça Vb Notu Dizin var.
600 ## - KONU KATMA GİRİŞ - KURUMSAL ADI
Kişisel Ad II.Abdülhamid
Bir Adıyla İlişkilendirilen Tarihler 1842-1918
650 ## - KONU KATMA GİRİŞ - TOPİKAL DÖNEM
Topikal Süreli Veya Coğrafi Ad Giriş Elemanı Tarih
Genel Alt Bölümü II.Abdülhamid
Coğrafi Alt Bölümü Türkiye
650 ## - KONU KATMA GİRİŞ - TOPİKAL DÖNEM
Topikal Süreli Veya Coğrafi Ad Giriş Elemanı II. Meşrutiyet Dönemi
Genel Alt Bölümü Osmanlı İmparatorluğu
Coğrafi Alt Bölümü Türkiye
651 ## - KONU KATMA GİRİŞ - COĞRAFİ ADI
Coğrafi İsim Türkiye
Genel Alt Bölümü Tarih
Kronolojik Alt Bölümü 31 Mart Olayı, 1909
700 ## - KATMA GİRİŞ - KİŞİSEL İSİM
Kişisel Ad Unat, Faik Reşit
942 ## - EKLENDİ GİRİŞ ELEMANLARI (KOHA)
Sınıflandırma Veya Raf Düzeni Kaynak
Koha Öğesi Türü Books
999 ## - SİSTEM KONTROL NUMARALARI (KOHA)
Koha Biblionumber 3073
Koha Biblioitemnumber 3073
Holdings
Kalıcı Konum Mevcut Konum Edinme Tarihi Edinim Kaynak Toplam Check-Out'Lar Tam Çağrı Numarası Barkod Tarih Son Görülme İtibaren Geçerli Fiyatlar Koha Öğesi Türü
CHP Kütüphanesi CHP Kütüphanesi 09/05/2016 Bağış   956.101543 B39i 1991 003280 09/05/2016 09/05/2016 Books